Residual stresses in electron-beam coatings with a nitrogen-austenite matrix and structural mechanisms of their relaxation; The Physics of Metals and Metallography; Vol. 122, iss. 5

Bibliographische Detailangaben
Parent link:The Physics of Metals and Metallography: Scientific Journal
Vol. 122, iss. 5.— 2011.— [P. 495-502]
Weitere Verfasser: Narkevich N. A., Darenskaya E. A. Elena Anatolievna, Mironov Yu. P., Smirnov A. I., Durakov V. G., Tagil’tseva D. N.
Zusammenfassung:Title screen
The structure, distribution of elastic microdeformations related to the effect of residual stresses of the 1st and 2nd kind in nitrogen austenite coatings prepared by electron-beam overlaying and the mechanisms of relaxation of residual stresses in the substrate-coating system have been investigated. The state of stress is characterized by a change in sense over the coating thickness. An analysis of experimental data shows that the relaxation of residual stresses results in the formation of a structure with an enhanced density of dislocations. The main mechanism of relaxation of residual stresses in overlaid coatings is microtwinning and γ ε transformation.
Режим доступа: по договору с организацией-держателем ресурса
Sprache:Englisch
Veröffentlicht: 2011
Schlagworte:
Online-Zugang:http://dx.doi.org/10.1134/S0031918X11050267
Format: Elektronisch Buchkapitel
KOHA link:https://koha.lib.tpu.ru/cgi-bin/koha/opac-detail.pl?biblionumber=638046

MARC

LEADER 00000naa0a2200000 4500
001 638046
005 20250124160415.0
035 |a (RuTPU)RU\TPU\network\2253 
035 |a RU\TPU\network\2214 
090 |a 638046 
100 |a 20141125d2011 k||y0rusy50 ba 
101 0 |a eng 
102 |a RU 
135 |a drcn ---uucaa 
181 0 |a i  
182 0 |a b 
200 1 |a Residual stresses in electron-beam coatings with a nitrogen-austenite matrix and structural mechanisms of their relaxation  |f N. A. Narkevich [et al.] 
203 |a Text  |c electronic 
300 |a Title screen 
320 |a [References: p. 502 (16 tit.)] 
330 |a The structure, distribution of elastic microdeformations related to the effect of residual stresses of the 1st and 2nd kind in nitrogen austenite coatings prepared by electron-beam overlaying and the mechanisms of relaxation of residual stresses in the substrate-coating system have been investigated. The state of stress is characterized by a change in sense over the coating thickness. An analysis of experimental data shows that the relaxation of residual stresses results in the formation of a structure with an enhanced density of dislocations. The main mechanism of relaxation of residual stresses in overlaid coatings is microtwinning and γ ε transformation. 
333 |a Режим доступа: по договору с организацией-держателем ресурса 
461 |t The Physics of Metals and Metallography  |o Scientific Journal 
463 |t Vol. 122, iss. 5  |v [P. 495-502]  |d 2011 
610 1 |a электронный ресурс 
610 1 |a труды учёных ТПУ 
610 1 |a электронно-лучевые покрытия 
610 1 |a азотистые покрытия 
701 1 |a Narkevich  |b N. A. 
701 1 |a Darenskaya  |b E. A.  |c specialist in the field of material science  |c Associate Professor of Tomsk Polytechnic University, Candidate of technical sciences  |c maiden name Ivanova  |f 1982-  |g Elena Anatolievna  |3 (RuTPU)RU\TPU\pers\33039  |9 16874 
701 1 |a Mironov  |b Yu. P. 
701 1 |a Smirnov  |b A. I. 
701 1 |a Durakov  |b V. G. 
701 1 |a Tagil’tseva  |b D. N. 
801 2 |a RU  |b 63413507  |c 20160301  |g RCR 
856 4 |u http://dx.doi.org/10.1134/S0031918X11050267 
942 |c CF